00743nam a2200241 a 450000100060000000300080000600500170001400800410003102000150007203500190008704000270010604100080013308200310014124500750017226000460024730000240029350400510031765000280036865000300039665100280042670000230045470000240047752997BD-RjUL20211209075907.0000301s2000 cou b 001 0 eng  a8170369800 a(BD-RjUL)53117 aDLCcDLCdBD-RjULbeng aeng00221a355.02170954bIND 200000aIndia's nuclear security /cedited by Raju G.C. Thomas and Amit Gupta. aBoulder :bL. Rienner Publishers,cc2000. av, 323 p. ;c25 cm. aIncludes bibliographical references and index. 0aNuclear weaponszIndia. 0aNational securityzIndia. 0aIndiaxMilitary policy.1 aThomas, Raju G. C.1 aGupta, Amit,d1958-